Artes gráficas para dibujantes y técnicos publicitarios

Αποθηκεύτηκε σε:
Λεπτομέρειες βιβλιογραφικής εγγραφής
Κύριοι συγγραφείς: Parramón Vilasaló, José Maria (autor), Cantó, J. M (Συγγραφέας)
Μορφή: Βιβλίο
Γλώσσα:Ισπανικά
Έκδοση: Barcelona Instituto Parramón 1973
Σειρά:Colección Aprender Haciendo Grafismo
Θέματα:
Ετικέτες: Προσθήκη ετικέτας
Δεν υπάρχουν, Καταχωρήστε ετικέτα πρώτοι!

MARC

LEADER 00000nam a2200000 a 4500
001 UCU5732
003 CL-VaPUC
008 960614e19730000SP |||||||||||||||||spa|d
082 0 4 |a 760  |b PAR  |2 21 
100 |a Parramón Vilasaló, José Maria  |e autor  |9 372579 
700 0 |a Cantó, J. M  |e author  |9 363706 
245 1 0 |a Artes gráficas para dibujantes y técnicos publicitarios 
300 |a 127 p 
942 |c BK 
945 |d 19960614 00:00:00  |a rbrito 
260 |a Barcelona  |b Instituto Parramón  |c 1973 
650 0 |a Artes gráficas  |9 265865 
650 0 |a Arte comercial   |9 345354 
650 0 |a Diseñadores gráficos  |9 345353 
650 0 |a Educación artística  |9 269035 
650 0 |a Artes plásticas  |9 268637 
650 0 |a Bellas artes  |9 334299 
650 0 |a Publicidad  |9 314572 
583 |a last modification  |c 19960614 00:00:00  |k Rodrigo Vera 
490 0 |a Colección Aprender Haciendo Grafismo 
999 |c 248932  |d 248930 
952 |0 0  |1 0  |4 0  |6 760_000000000000000_PAR_1973  |7 0  |8 A  |9 265884  |a BIBARQ  |b BIBARQ  |d 2019-11-19  |i 3207765  |o 760 PAR 1973  |p 3207765  |r 2025-01-20  |w 2019-11-19  |y BK  |k ARQ